000 00332nam a2200133Ia 4500
008 180207s9999 xx 000 0 und d
020 _a9788178130248
050 _bJ121 [2001]
245 _aJack and the beanstalk /
260 _aIndia :
260 _bSunrise Publishers,
300 _aunpaged :
300 _bcolor illustration ;
999 _c355185
_d355185